000 00465nam a22001457a 4500
082 _a920
_bSIN/E
100 _aSINDHU.S.NAIR
245 _aEINSTEIN: MANUSHYA CHARITHRATHILE MAHA PRATHIBHA
246 _aEINSTEIN: MANUSHYA CHARITHRATHILE MAHA PRATHIBHA
_bEINSTEIN: MANUSHYA CHARITHRATHILE MAHA PRATHIBHA
260 _aKUNNAMKULAM,KERALA
_bRED ROSE
_c2014
300 _a192
520 _aBIOGRAPHY IN MALAYALAM
650 _aBIOGRAPHY IN MALAYALAM
_zKERAL
942 _cBK
999 _c8590
_d8590